Statistics for Asian Capitals by Skyline

Click here to take the quiz!

General Stats

  • This quiz has been taken 51 times
  • The average score is 27 of 48

Answer Stats

Answer% Correct
Taipei
92%
Kuala Lumpur
87%
Abu Dhabi
85%
Pyongyang
82%
Riyadh
82%
Nur-Sultan
79%
Doha
77%
Naypyidaw
72%
Baku
69%
Malé
69%
Thimphu
69%
Beijing
67%
Jakarta
67%
Singapore
67%
Ankara
64%
Sana'a
64%
Bangkok
62%
Kathmandu
62%
Manama
62%
Seoul
62%
Manila
59%
Jerusalem
56%
Tehran
56%
Tokyo
56%
Bandar Seri Begawan
54%
Beirut
54%
Yerevan
54%
Kabul
51%
Kuwait City
51%
New Delhi
51%
Muscat
49%
Dhaka
46%
Tbilisi
46%
Amman
41%
Ashgabat
41%
Baghdad
41%
Dili
41%
Hanoi
41%
Vientiane
41%
Bishkek
38%
Dushanbe
36%
Islamabad
36%
Phnom Penh
36%
Colombo
33%
Damascus
33%
Tashkent
33%
Ulaanbaatar
33%
Nicosia
26%

Score Distribution

Percentile by Number Answered

Percent of People with Each Score

Your Score History

You have not taken this quiz